| 000 | 00990nam a2200277 a 4500 | ||
|---|---|---|---|
| 003 | AR-BaBNM | ||
| 005 | 20251128204020.0 | ||
| 008 | 082120s2002 ||||||||||||||000 | spa|| | ||
| 040 | _cAR-BaBNM | ||
| 110 | 1 |
_aArgentina _bSubsecretaría de Educación |
|
| 245 | 0 | 0 |
_aLa supervisión escolar _bun problema para la investigación educativa |
| 260 |
_aBuenos Aires _bMinisterio de Cultura y Educación de la Nación _c1981 |
||
| 300 |
_a141 p. _bdiagr., tablas |
||
| 500 | _aEste documento fue realizado en el marco del PROMIE: Proyecto Multinacional de Investigación Educativa | ||
| 650 | 4 | _aSUPERVISORES DE PRACTICA DOCENTE | |
| 650 | 4 | _aINSPECTORES | |
| 651 | 4 | _aArgentina | |
| 653 | _aGESTION EDUCATIVA | ||
| 653 | _aESTADISTICAS EDUCATIVAS | ||
| 653 | _aINVESTIGACION EDUCATIVA | ||
| 700 | 1 |
_aOlano de Araujo, María D. _ecoordinador |
|
| 700 | 1 |
_aCarelli de Fraga, Virginia _ecoordinador |
|
| 700 | 1 |
_aDuric de Marzoa, Silvia _ecoordinador |
|
| 942 | _cBK | ||
| 998 | _cSILVI | ||
| 999 |
_c5818 _d5818 |
||